000 00499nam a2200217Ia 4500
003 OSt
005 20221005131032.0
006 a|||||r|||| 00| 0
007 ta
008 221004b |||||||| |||| 00| 0 eng d
024 _a115887
037 _cTextual
040 _aCRL
_cCRL
_beng
041 _2eng
_aeng
100 _aAnand Tirath
_9639030
245 0 _aSek hi sek
260 _c1979
650 _aPUNJABI LITERATURE
942 _cTEXL
_2cc
999 _c1059150
_d1059150